000
00305nam a2200133Ia 4500
008
150301s2015 xx 000 0 und d
082
_a
615.1
_b
P14N
100
_a
PRATIBHA NAND
245
_a
PHARMACEUTICAL DISPERSING
260
_b
CBS- DELHI
300
_a
200
650
_a
PHARMACY
942
_2
ddc
_c
BK
_0
2
999
_c
7082
_d
7082